Παράγωγα προϊόντα : πτυχιακή εργασία

Αποθηκεύτηκε σε:
Λεπτομέρειες βιβλιογραφικής εγγραφής
Κύριος συγγραφέας: Αλεξανδρίδης, Γεώργιος
Συγγραφή απο Οργανισμό/Αρχή: Πανεπιστήμιο Αιγαίου Σχολή Επιστημών της Διοίκησης Τμήμα Διοίκησης Επιχειρήσεων - Τ.Δ.Ε
Άλλοι συγγραφείς: Βαρβάκης, Κωνσταντίνος Α. (Εισηγητής διατριβής)
Μορφή: Thesis Βιβλίο
Γλώσσα:Greek
Δημοσίευση: 2006
Θέματα:
Ετικέτες: Προσθήκη ετικέτας
Δεν υπάρχουν, Καταχωρήστε ετικέτα πρώτοι!

MARC

LEADER 00000cam a2200000 i 4500
001 1/38724
008 061205s2006 gre d
035 |l 10086414 
040 |a GR-MY-UA  |b gre  |e aacr 
041 0 |a gre 
082 0 |a 332.645  |2 (22) 
100 1 |a Αλεξανδρίδης, Γεώργιος. 
245 1 0 |a Παράγωγα προϊόντα :  |b πτυχιακή εργασία /  |c Αλεξανδρίδης Γεώργιος ; [επιβλέπων Βαρβάκης Κων/νος] 
260 |c 2006 
300 |a 59 σ.;  |b διαγρ.;  |c 30 εκ. 
502 # # |a Πτυχιακή εργασία – Πανεπιστήμιο Αιγαίου, Χίος, 2006. 
610 2 0 |a Πανεπιστήμιο Αιγαίου. 
650 0 0 |a Derivative securities. 
650 0 0 |a Franchises (Retail trade) 
650 0 0 |a Dissertations, Academic  |z Greece. 
700 1 |a Βαρβάκης, Κωνσταντίνος Α.  |4 ths 
710 1 |a Πανεπιστήμιο Αιγαίου  |b Σχολή Επιστημών της Διοίκησης  |b Τμήμα Διοίκησης Επιχειρήσεων - Τ.Δ.Ε. 
852 |a INST  |b CHIOS  |c DIATR  |e 20061205  |h 332.645 ΑΛΕ  |p 005200026545  |q 005200026545  |t DIE  |y 23 
852 |a INST  |b CHIOS  |c DIATR  |e 20061205  |h 332.645 ΑΛΕ  |p 005200026546  |q 005200026546  |t DIE  |y 23 
901 |a BIBL2-2006-3 
909 |a Χ  |b 130755 
909 |a Χ  |b 130756 
924 |a ΑΛΕΞΑΝΔΡΙΔΗΣ  |b ΓΕΩΡΓΙΟΣ  |y ΧΙΟΣ  |z 2006-11 
970 |a ΒΑΣΙΛΑΚΗ  |b ΝΙΚΗ  |z 2006/12/05